| 000 | 00000nam##2200000za#4500 |
| 001 | 9.693786 |
| 003 | CaOODSP |
| 005 | 20210624233825 |
| 007 | cr ||||||||||| |
| 008 | 150407|2001||||xxc|||||o f|0| 0 eng|d |
| 040 | |aCaOODSP|beng |
| 043 | |an-cn--- |
| 086 | 1 |aNH15-447/2001E-PDF |
| 110 | 2 |aCanada Mortgage and Housing Corporation. |
| 245 | 10|aRetrofitting a city : |h[electronic resource]|ba guide for municipalities to implement a building retrofit program |
| 260 | |bCanada Mortgage and Housing Corporation |c2001. |
| 300 | |a46p.|bcoloured figs. |
| 590 | |a11-05-Supp|b2011-03-15 |
| 775 | 08|tRattrapage éconergétique d'une ville : |w(CaOODSP)9.638487 |
| 856 | 40|ahttp://publications.gc.ca|qPDF|s351 KB|uhttps://publications.gc.ca/collections/collection_2011/schl-cmhc/NH15-447-2001-eng.pdf |